| 000 | 006030000a22002170004500 | ||
|---|---|---|---|
| 003 | LK-CoMWRAF | ||
| 005 | 20231228233315.0 | ||
| 008 | 230817t1980 ||||| |||| 00| 0 eng d | ||
| 040 |
_aLK-CoMWRAF _dLK-CoMWRAF _eLK-CoMWRAF |
||
| 041 | _atam | ||
| 082 |
_a894.811 _bLAK |
||
| 100 |
_aலக்ஷ்மி _vLakshmi |
||
| 242 | _aMannipin marupakkam | ||
| 245 | _aமன்னிப்பின் மறுபக்கம் | ||
| 250 | _a4th ed. | ||
| 260 |
_aMadras: _bThirumagal nilaiyam, _c1980 |
||
| 300 | _a148 p. | ||
| 650 | _aTAMIL FICTION | ||
| 650 | _aTamil Short Stories | ||
| 942 | _cBK | ||
| 999 |
_c2826 _d2826 |
||